| 000 | 01948nam0a2200385 4500 | ||
|---|---|---|---|
| 001 | RU\NLR\bibl\83671 | ||
| 005 | 20260407072439.0 | ||
| 010 |
_a5-88200-268-0 _bобщ. |
||
| 010 |
_a5-88200-282-6 _950 |
||
| 021 |
_aRU _b1998-32241 _91533 |
||
| 035 | _a(NLR Aleph) 000081720 | ||
| 090 |
_a455269 _c455269 |
||
| 100 | _a20000503d1997 |||y0rusy50 ca | ||
| 101 | 0 | _arus | |
| 102 | _aRU | ||
| 105 | _ay ||||||||| | ||
| 200 | 1 |
_aТезисы докладов итоговой научной конференции АГПУ, (29 апр. 1997 г.) _iИстория зарубежныя стран. История России. История Астраханского края. Археология Астраханского края. Методика преподавания истории _fМ-во общ. и проф. образования РФ, Астрах. гос. пед. ун-т |
|
| 210 |
_aАстрахань _cИзд-во Астрах. пед. ун-та _d1997 |
||
| 215 |
_a52 с. _d20 |
||
| 606 | 0 |
_aВсеобщая история _jТезисы докладов _91324332 _3RU\NLR\auth\66234889 |
|
| 607 |
_aСССР _jТезисы докладов _xИстория _9912491 _3RU\NLR\auth\6613829 |
||
| 607 |
_aРоссия _jТезисы докладов _xИстория _91554184 _3RU\NLR\auth\66979780 |
||
| 607 |
_aАстраханская область _jТезисы докладов _xИстория _91169087 _3RU\NLR\auth\66151125 |
||
| 686 | _aТ3(0)я431 | ||
| 686 | _aТ3(2)я431 | ||
| 686 | _aТ3(2Р-4Ас)я431 | ||
| 686 | _aЧ426.31я431 | ||
| 686 | _aЧ486.31я431 | ||
| 710 | 0 | 2 |
_aАстраханский государственный педагогический университет _bНаучная конференция _f1997 _3RU\NLR\AUTH\8810036292 _9571199 |
| 801 | 0 |
_aRU _bNLR _c20000503 _gPSBO |
|
| 801 | 1 |
_aRU _bNLR _c20000503 |
|
| 852 |
_aNLR _j99-4/8826 |
||
| 942 | _cBOOK | ||
| 980 | _aNB | ||